000 00802nam a2200229Ii 4500
003 JO-AjNU
008 230605s9999||||xx |||||||||||||| ||und||
017 _a2014/8/3757
020 _a978-9957-594-01-5
040 _aJO-AjNU
_bara
_erda
_cJO-AjNU
041 _aara
050 1 4 _aPJ7571.U25.2015
100 3 _aتاليف القضاة، احمد حسن,
_eauthor
_962607
245 0 0 _aمختارات مما كتبته نثرا: مقالات في الدين والادب والتربية والاجتماع، ج(1-3)
250 _aط1
264 3 1 _aعمان: دار الجنان للنشر والتوزيع، 2015
300 _a396ص
336 _atext
_btxt
_2rdacontent
337 _aunmediated
_bn
_2rdamedia
338 _avolume
_bnc
_2rdacarrier
650 4 _aالنثر العربي
_962608
999 _aA28358
_c31926
_d31926